000
00320nam a22001337a 4500
008
181106b xxu||||| |||| 00| 0 eng d
020
_a
9780938529200
041
_a
eng
080
_2
6 th
_a
370
100
_a
49
101
_a
EDU
245
_a
Successful Develop Mangers Coach Handbook
_c
Fisher.A
942
_2
udc
_c
BK
999
_c
51924
_d
51924